Infinite-fimensional dynamical systems : an introduction to dissipative parabolic PDEs and the theory of global attractors

Αποθηκεύτηκε σε:
Λεπτομέρειες βιβλιογραφικής εγγραφής
Κύριος συγγραφέας: Robinson, James C. (James Cooper) 1969-
Μορφή: Βιβλίο
Γλώσσα:English
Δημοσίευση: Cambridge, UK ; New York : Cambridge University Press, 2001
Σειρά:Cambridge texts in applied mathematics
Θέματα:
Ετικέτες: Προσθήκη ετικέτας
Δεν υπάρχουν, Καταχωρήστε ετικέτα πρώτοι!

MARC

LEADER 00000nam a2200000 i 4500
001 1/11445
008 101221s2001 eng d
020 |a 978-0-521-63204-1 
035 |l 10109413 
040 |a GR-MY-UA  |b gre  |e aacr 
041 0 |a eng 
082 0 |a 514.74  |2 (22) 
100 1 |a Robinson, James C.  |q (James Cooper)  |d 1969- 
245 1 0 |a Infinite-fimensional dynamical systems :  |b an introduction to dissipative parabolic PDEs and the theory of global attractors /  |c James C. Robinson 
260 |a Cambridge, UK ; New York :   |b Cambridge University Press,   |c 2001 
300 |a xvii, 461 σ.;  |b εικ.;  |c 24 εκ. 
490 1 |a Cambridge texts in applied mathematics 
504 |a Βιβλιογραφία: σ.445-452. Ευρετήριο 
650 0 0 |a Attractors (Mathematics) 
650 0 0 |a Differential equations, Parabolic. 
830 0 |a Cambridge texts in applied mathematics 
852 |a INST  |b SAMOS  |e 20101221  |h 514.74 ROB  |p 005300033094  |q 005300033094  |t BK  |y 0 
901 |a BIBL3-2010-3 
909 |a Σ  |b 166703 
922 |a 3ΕΛΗ  |b 201010  |c ΤΜΗΜΑ ΜΑΘΗΜΑΤΙΚΩΝ  |d ΜΙΧΑΛΟΠΟΥΛΟΣ 
970 |a ΚΟΣΙΕΡΗΣ  |b ΧΡΗΣΤΟΣ  |z 2010/12/21